000 00729nam a22002297a 4500
001 9028
003 FISKH
005 20251114141806.0
008 251114b cb ||||| |||| 00| 0 eng d
020 _a0716666960
040 _aFISKH
_beng
_cFISKH
_dFISKH
050 _a AE5 .W55
082 _a031
100 _aWorld Book ,Inc
245 _aThe world book encyclopedia /
_cBy World Book Inc.
260 _aLondon :
_bWorld Book Inc. ,
_c1996.
300 _a510 pages :
_bcolor illustrations, maps ;
_c25 cm .
490 _aWorld Book Encyclopedia Sets
520 _aAn encyclopedia designed especially to meet the needs of elementary, junior high, and senior high school students.
942 _2ddc
_cBK
_n0
999 _c9028
_d9028